书目信息 |
| 题名: |
高电压工程
|
|
| 作者: | 林福昌 主编 | |
| 分册: | ||
| 出版信息: | 北京 中国电力出版社 2020.12 |
|
| 页数: | 291页 | |
| 开本: | 26cm | |
| 丛书名: | ||
| 单 册: | ||
| 中图分类: | TM8 | |
| 科图分类: | ||
| 主题词: | 高电压--高等教育--教材 | |
| 电子资源: | ||
| ISBN: | 978-7-5123-8782-9 | |
| 000 | 00849nam0 2200253 45 | |
| 001 | 012001000794 | |
| 005 | 20211013144714.80 | |
| 010 | @a978-7-5123-8782-9@dCNY38.00 | |
| 100 | @a20160413d2016 em y0chiy50 ea | |
| 101 | 0 | @achi |
| 102 | @aCN@b110000 | |
| 105 | @aa z 000yy | |
| 106 | @ar | |
| 200 | 1 | @a高电压工程@Agao dian ya gong cheng@f林福昌主编 |
| 205 | @a3版 | |
| 210 | @a北京@c中国电力出版社@d2020.12 | |
| 215 | @a291页@c图@d26cm | |
| 300 | @a“十二五”普通高等教育本科国家级规划教材 | |
| 330 | @a本书共分为3篇12章,主要内容有气体电介质的绝缘特性,液体、固体电介质的绝缘特性,常用电气设备的绝缘,绝缘性能试验,绝缘耐压试验,高电压和大电流的测量等。 | |
| 606 | 0 | @a高电压@x高等教育@j教材 |
| 690 | @aTM8@v5 | |
| 701 | 0 | @a林福昌@Alin fu chang@f(1969~)@4主编 |
| 801 | 0 | @aCN@bBJSDL@c20211011 |
| 905 | @b1335910-3@dTM8@e43=3@f4 | |
| 高电压工程/林福昌主编.-3版.-北京:中国电力出版社,2020.12 |
| 291页:图;26cm |
| “十二五”普通高等教育本科国家级规划教材 |
| ISBN 978-7-5123-8782-9:CNY38.00 |
| 本书共分为3篇12章,主要内容有气体电介质的绝缘特性,液体、固体电介质的绝缘特性,常用电气设备的绝缘,绝缘性能试验,绝缘耐压试验,高电压和大电流的测量等。 |
| ● |
| 相关链接 |
|
|
|
|
正题名:高电压工程
索取号:TM8/43=3
 
预约/预借
| 序号 | 登录号 | 条形码 | 馆藏地/架位号 | 状态 | 备注 |
| 1 | 1335910 | 213359104 | 第二样本阅览室/ [索取号:TM8/43=3] | 在馆 | |
| 2 | 1335911 | 213359113 | 第三借阅区/ [索取号:TM8/43=3] | 在馆 | |
| 3 | 1335912 | 213359122 | 第三借阅区/ [索取号:TM8/43=3] | 在馆 | |
| 4 | 1335913 | 213359131 | 第三借阅区/ [索取号:TM8/43=3] | 在馆 |